000 00408nam a22001817a 4500
003 OSt
005 20220128153434.0
008 220128b |||||||| |||| 00| 0 eng d
020 _a9789382127802
040 _cHU
082 _a621.381
100 _aPandey O.N.
_929085
245 _aElectronics Engineering
250 _a2ed
260 _aNew Delhi
_bNew Delhi
300 _f401
942 _2ddc
_cBOOKS
_n0
999 _c28420
_d28420